00329nam a2200145Ia 4500008004100000041000800041082001500049100001200064245002000076260003800096300001100134440000600145650001300151999001900164230724s2001 xx 000 0 und d aeng a347.06/BAS aBasu P. aLaw of Evidence aNew DelhibIndian Law Housec2001 aA-72p. vI aEVIDENCE c746044d746044